Score 0/40 Timer 09:00
0 Plays Today
% Correct
Doctor Who
93.8%
Only Fools and Horses
92.9%
Coronation Street
92.3%
Dad's Army
89.6%
Emmerdale
88.8%
The Office
88.1%
Absolutely Fabulous
86.6%
'Allo, 'Allo
85.2%
My Family
84.8%
Open All Hours
84.8%
The Vicar of Dibley
84.6%
Are You Being Served?
83.5%
The Royle Family
82.8%
Last of the Summer Wine
81.3%
The Young Ones
79.7%
Byker Grove
79.5%
Minder
75.5%
Men Behaving Badly
75.1%
Red Dwarf
75.1%
Yes, Minister
73.3%
% Correct
The Liver Birds
72.2%
Hi-de-Hi!
71.8%
Fifi and the Flowertots
71.4%
Knowing Me, Knowing You
71.4%
Luther
70.7%
Balamory
70%
Jonathan Creek
64.8%
Broadchurch
64.1%
Benidorm
58.4%
Whitechapel
50.9%
Him & Her
50.7%
The IT Crowd
48.5%
Bottom
41.2%
Cranford
37.4%
Black Books
35.7%
The Thick of It
35.5%
Peep Show
31.5%
Skins
23.8%
Being Human
22.5%
Psychoville
22.2%

You're not logged in!

Compare scores with friends on all Sporcle quizzes.
OR
Log In

Sporcle TV

Today on Sporcle TV


Watch our educational content, quiz creation guides, and fun videos on Sporcle TV.

Show Comments

Extras

Top Quizzes Today


Score Distribution

Paid Content

Your Account Isn't Verified!

In order to create a playlist on Sporcle, you need to verify the email address you used during registration. Go to your Sporcle Settings to finish the process.

Report this User

Report this user for behavior that violates our Community Guidelines.

Details: